El ser, Dios y la ciencia según Aristóteles
Saved in:
| Hovedforfatter: | |
|---|---|
| Format: | Bog |
| Sprog: | spansk |
| Udgivet: |
Santiago
Universidad Católica de Valparaíso
2007
|
| Udgivelse: | 1a. ed |
| Serier: | Lecciones
|
| Fag: | |
| Tags: |
Tilføj Tag
Ingen Tags, Vær først til at tagge denne postø!
|
MARC
| LEADER | 00000cam a2200000 a 4500 | ||
|---|---|---|---|
| 001 | UCI8324 | ||
| 003 | CL-VaPUC | ||
| 008 | 080828e20070000CL |||||||||||||||||spa|d | ||
| 020 | |a 9789561409651 | ||
| 082 | 0 | 4 | |a 185 |b CAS |2 21 |
| 100 | 0 | |a Casanova G., Carlos Augusto |e author |9 531833 | |
| 245 | 1 | 3 | |a El ser, Dios y la ciencia según Aristóteles |
| 250 | |a 1a. ed | ||
| 300 | |a 194 p | ||
| 942 | |c BK | ||
| 945 | |d 20080828 00:00:00 |a rbrito | ||
| 260 | |a Santiago |b Universidad Católica de Valparaíso |c 2007 | ||
| 600 | 0 | |a Aristóteles, |d 384 a.C.- 322 a.C. |9 194 | |
| 650 | 0 | |a Aristotelismo |9 347069 | |
| 650 | 0 | |a Metafísica |9 265649 | |
| 650 | 0 | |a Teoría del conocimiento |9 255038 | |
| 583 | |a last modification |c 20130306 02:02:55 |k Rodrigo Vera | ||
| 490 | 0 | |a Lecciones | |
| 999 | |c 331283 |d 331281 | ||
| 952 | |0 0 |1 0 |4 0 |6 185_000000000000000_CAS_2007 |7 0 |8 A |9 417598 |a BIBTEO |b BIBTEO |d 2019-11-22 |i 4475771 |o 185 CAS 2007 |p 4475771 |r 2025-01-17 |w 2019-11-22 |y BK |k ICR | ||
| 952 | |0 0 |1 0 |4 0 |6 185_000000000000000_CAS_2007 |7 0 |8 A |9 417599 |a BIBMAT |b BIBMAT |d 2019-11-22 |i 4954343 |o 185 CAS 2007 |p 4954343 |r 2025-01-07 |w 2019-11-22 |y BK |k MAT | ||